[Event "Leisurely Chess"]
[Site "SchemingMind.com"]
[Date "2015.04.04"]
[Round "-"]
[White "tyler_ensor"]
[Black "Phillip Beckett"]
[Result "1-0"]
[WhiteCountry "CAN"]
[BlackCountry "ENG"]
[WhiteElo "1825"]
[WhiteRD "76"]
[BlackElo "1590"]
[BlackRD "50"]
[GameID "377892"]

1. d4 d5 2. c4 e6 3. Nc3 Nf6 4. Bg5 Be7 5. e3 h6 6. Bh4 O-O 7. Nf3 Ne4 8. Bxe7 Qxe7 9. Rc1 Nxc3 10. Rxc3 c6
11. Bd3 dxc4 12. Bxc4 Nd7 13. O-O e5 14. dxe5 Nxe5 15. Nxe5 Qxe5 16. f4 Qe4 17. Qe2 Be6 18. Bd3 Qd5 19. f5 Bd7 20. Rf4 Rad8
21. b4 Bc8 22. Rd4 Qe5 23. Rc5 Qe7 24. Rf4 Rfe8 25. e4 Qd6 26. Rf3 Qd4+ 27. Qf2 Qxf2+ 28. Kxf2 Rd4 29. a3 Red8 30. Rc3 R8d6
31. Re3 Bd7 32. Kf3 g6 33. e5 R6d5 34. Bc4 Bxf5 35. Bxd5 Rxd5 36. g4 Be6 37. Rcd3 Rxd3 38. Rxd3 Kg7 39. Rd8 Bd5+ 40. Ke3 b6
41. Kd4 a5 42. b5 Bf3 43. Rd6 cxb5 44. Rxb6 b4 45. axb4 axb4 46. Rxb4 Bxg4 47. Kd5 Be6+ 48. Kd6 h5 49. h4 Ba2 50. Ke7 Be6
51. Rb6 Ba2 52. Rd6 Be6 53. Rxe6 fxe6 54. Kxe6 g5 55. Kd7 gxh4 56. e6 h3 57. e7
1-0

[Event "Leisurely Chess"]
[Site "SchemingMind.com"]
[Date "2015.04.04"]
[Round "-"]
[White "Phillip Beckett"]
[Black "tyler_ensor"]
[Result "0-1"]
[WhiteCountry "ENG"]
[BlackCountry "CAN"]
[WhiteElo "1590"]
[WhiteRD "50"]
[BlackElo "1825"]
[BlackRD "76"]
[GameID "377893"]

1. e4 c5 2. Nf3 d6 3. d4 cxd4 4. Nxd4 Nf6 5. Nc3 g6 6. Be3 Bg7 7. f3 a6 8. Qd2 h5 9. O-O-O b5 10. a3 Bb7
11. Kb1 Nbd7 12. h4 Rc8 13. Bd3 Ne5 14. Be2 Nc4 15. Bxc4 Rxc4 16. Nde2 Nd7 17. Bd4 O-O 18. Bxg7 Kxg7 19. Nd5 Bxd5 20. Qxd5 Qc7
21. Nc3 Nf6 22. Qd2 Rc8 23. Rc1 Qa5 24. e5 dxe5 25. Ne4 Qxd2 26. Nxd2 Rd4 27. Nb3 Rd5 28. Rcd1 Rcd8 29. Kc1 Rxd1+ 30. Rxd1 Rxd1+
31. Kxd1 Nd5 32. Nc5 Ne3+ 33. Ke2 Nxc2 34. Nd3 Nd4+ 35. Ke3 Nf5+ 36. Ke4 f6 37. Nc5 a5 38. Ne6+ Kh6 39. Nc7 b4 40. axb4 axb4
41. g4 hxg4 42. fxg4 Nxh4 43. Nd5 Kg5 44. Nxe7 f5+ 45. gxf5 gxf5+ 46. Kxe5 f4 47. Nd5 f3 48. Ne3 f2 49. Ke4 Ng2 50. Nf1 Kg4
51. Kd4 Kf3 52. Kc4 Ne3+ 53. Nxe3 Kxe3 54. Kxb4 f1=Q 55. Ka5 Kd4
0-1

[Event "Leisurely Chess"]
[Site "SchemingMind.com"]
[Date "2015.04.11"]
[Round "-"]
[White "tyler_ensor"]
[Black "emvarela"]
[Result "1-0"]
[WhiteCountry "CAN"]
[BlackCountry "ARG"]
[WhiteElo "1835"]
[WhiteRD "78"]
[BlackElo "1709"]
[BlackRD "48"]
[GameID "378011"]

1. d4 Nf6 2. c4 e6 3. Nc3 Bb4 4. e3 O-O 5. Nf3 Ne4 6. Qc2 d5 7. Bd3 Bxc3+ 8. bxc3 c5 9. Bxe4 dxe4 10. Qxe4 cxd4
11. cxd4 Qc7 12. Qc2 Nc6 13. O-O Na5 14. Ba3 Re8 15. Rfc1 Bd7 16. Ne5 f6 17. Nxd7 Qxd7 18. Rab1 b6 19. c5 bxc5 20. Bxc5 Rec8
21. Qe4 Qd5 22. Qxd5 exd5 23. Rb5 Nc4 24. Rcb1 Nb6 25. g3 Na4 26. R1b3 Nxc5 27. Rxc5 Rxc5 28. dxc5 Rc8 29. Rc3 Kf7 30. Kf1 Ke6
31. Ke2 Ke5 32. Kd3 h5 33. f4+ Ke6 34. Kd4 f5 35. c6 Rc7 36. Kc5 g6 37. Rb3
1-0

[Event "Leisurely Chess"]
[Site "SchemingMind.com"]
[Date "2015.04.11"]
[Round "-"]
[White "emvarela"]
[Black "tyler_ensor"]
[Result "0-1"]
[WhiteCountry "ARG"]
[BlackCountry "CAN"]
[WhiteElo "1709"]
[WhiteRD "48"]
[BlackElo "1835"]
[BlackRD "78"]
[GameID "378012"]

1. e4 c5 2. Nf3 d6 3. d4 cxd4 4. Nxd4 Nf6 5. Nc3 a6 6. Bg5 Nc6 7. Bxf6 gxf6 8. Nxc6 bxc6 9. Bd3 Qa5 10. Qd2 h5
11. b3 Bh6 12. f4 Bxf4 13. Qxf4 Qxc3+ 14. Ke2 Bg4+ 15. Kf2 Qc5+ 16. Qe3 Qxe3+ 17. Kxe3 h4 18. h3 Be6 19. a4 a5 20. Rag1 Rg8
21. Kf3 Rg3+ 22. Kf2 Bxb3 23. cxb3 Rxd3 24. Rc1 c5 25. Rb1 Rb8 26. Rhe1 Rbxb3 27. Rxb3 Rxb3 28. Re3 Rxe3 29. Kxe3 Kd7 30. Kf3 Ke6
31. g3 hxg3 32. Kxg3 f5 33. Kf4 fxe4 34. Kxe4 c4 35. h4 d5+ 36. Kd4 Kf5
0-1

[Event "Leisurely Chess"]
[Site "SchemingMind.com"]
[Date "2015.04.11"]
[Round "-"]
[White "emvarela"]
[Black "Phillip Beckett"]
[Result "1/2-1/2"]
[WhiteCountry "ARG"]
[BlackCountry "ENG"]
[WhiteElo "1700"]
[WhiteRD "49"]
[BlackElo "1590"]
[BlackRD "50"]
[GameID "378013"]

1. e4 e5 2. Nf3 Nc6 3. d4 exd4 4. c3 d3 5. Bxd3 d6 6. Be3 Nf6 7. Nbd2 Be7 8. O-O O-O 9. h3 Ne5 10. Nxe5 dxe5
11. Nf3 Bd6 12. Qc2 Qe7 13. Rad1 Be6 14. b4 a5 15. bxa5 Rxa5 16. a4 Rfa8 17. Ra1 Bd7 18. Qb3 Rxa4 19. Rxa4 Bxa4 20. Qxb7 Qe8
21. Rb1 Bc6 22. Qb2 Nxe4 23. Bxe4 Bxe4 24. Ra1 Rxa1+ 25. Qxa1 Bxf3 26. gxf3 h6 27. Kg2 Qe6 28. Qa8+ Kh7 29. Qe4+ g6 30. Qh4 Bf8
31. f4 exf4 32. Qxf4 Qc6+ 33. Kf1 Qd7 34. Ke2 Qb5+ 35. c4 Qd7 36. h4 h5 37. Bd4 Qe6+ 38. Kf3 Qc6+ 39. Ke3 Qe6+ 40. Qe5 Qxe5+
41. Bxe5 c5 42. Bf6 Bd6 43. f4 Kg8 44. Ke4 Kf8 45. f5 Bg3 46. fxg6 fxg6 47. Kd5 Bf2 48. Bg5 Kf7 49. Kd6=
1/2-1/2

[Event "Leisurely Chess"]
[Site "SchemingMind.com"]
[Date "2015.04.11"]
[Round "-"]
[White "Phillip Beckett"]
[Black "emvarela"]
[Result "0-1"]
[WhiteCountry "ENG"]
[BlackCountry "ARG"]
[WhiteElo "1586"]
[WhiteRD "49"]
[BlackElo "1690"]
[BlackRD "47"]
[GameID "378014"]

1. e4 e5 2. Nf3 Nc6 3. Bb5 a6 4. Ba4 Nf6 5. O-O Be7 6. Re1 b5 7. Bb3 O-O 8. c3 d5 9. exd5 Nxd5 10. Nxe5 Nxe5
11. Rxe5 c6 12. d4 Bd6 13. Re1 Qh4 14. g3 Qh3 15. Be3 Bg4 16. Qd3 Rae8 17. Qf1 Qxf1+ 18. Kxf1 Nxe3+ 19. fxe3 Be6 20. Nd2 Bxb3
21. Nxb3 Re6 22. e4 Rf6+ 23. Kg2 Be7 24. e5 Re6 25. Rf1 f6 26. exf6 Rfxf6 27. Rxf6 Bxf6 28. Kf2 Be7 29. Re1 Kf7 30. Rxe6 Kxe6
31. Nd2 Kd5 32. Kf3 c5 33. dxc5 Bxc5 34. Ne4 Be7 35. Nf2 a5 36. h4 b4 37. Ne4 bxc3 38. Nxc3+ Kd4 39. Kf4 g6 40. Nb5+ Kc5
41. Nc3 h6 42. Ne4+ Kd4 43. Kf3 Ke5 44. Nd2 Kf5 45. Nc4 Bc5 46. Ne3+ Kf6 47. Nd5+ Ke5 48. Nc3 Kd4 49. Nb5+ Kd3 50. Nc7 Kc2
51. Ne6 Bd6 52. Nf4 Bxf4 53. gxf4 h5 54. b3 Kb2 55. a4 Kxb3 56. f5 gxf5 57. Kf4 Kxa4 58. Kxf5 Kb3 59. Kg5 a4 60. Kxh5 a3
61. Kg6 a2 62. h5 a1=Q 63. h6 Qh8
0-1

[Event "Leisurely Chess"]
[Site "SchemingMind.com"]
[Date "2015.04.10"]
[Round "-"]
[White "bull mccabe"]
[Black "tyler_ensor"]
[Result "1-0"]
[WhiteCountry "IRL"]
[BlackCountry "CAN"]
[WhiteElo "2011"]
[WhiteRD "141"]
[BlackElo "1762"]
[BlackRD "77"]
[GameID "378165"]

1. e4 c5 2. Nc3 Nc6 3. Nf3 g6 4. d4 cxd4 5. Nxd4 Bg7 6. Be3 Nf6 7. Bc4 O-O 8. Bb3 d6 9. f3 Bd7 10. Qd2 Nxd4
11. Bxd4 b5 12. O-O a5 13. a3 Bc6 14. Rad1 Qd7 15. Rfe1 Rfd8 16. Qf2 Ne8 17. e5 dxe5 18. Bb6
1-0

[Event "Leisurely Chess"]
[Site "SchemingMind.com"]
[Date "2015.04.10"]
[Round "-"]
[White "tyler_ensor"]
[Black "bull mccabe"]
[Result "0-1"]
[WhiteCountry "CAN"]
[BlackCountry "IRL"]
[WhiteElo "1823"]
[WhiteRD "78"]
[BlackElo "2097"]
[BlackRD "115"]
[GameID "378166"]

1. d4 d5 2. c4 e6 3. Nc3 Nf6 4. Bg5 Be7 5. e3 O-O 6. Nf3 Nbd7 7. Rc1 c6 8. Bd3 dxc4 9. Bxc4 Nd5 10. Bxe7 Qxe7
11. O-O Nxc3 12. Rxc3 e5 13. dxe5 Nxe5 14. Nxe5 Qxe5 15. f4 Qe7 16. f5 Rd8 17. Qh5 Rd6 18. e4 Rh6 19. Qe2 Qe5 20. h3 Bd7
21. Rd1 Rd6 22. Rxd6 Qxd6 23. Qh5 Rf8 24. Rd3 Qc5+ 25. Kh1 Be6 26. Bb3 Bxb3 27. Rxb3 Qc1+ 28. Kh2 Qf4+ 29. Kh1 b5 30. Qe2 Re8
31. Re3 a5 32. g4 Qe5 33. Qc2 c5 34. Rc3 c4 35. Re3 Rd8 36. Qc3 Qxc3 37. Rxc3 Rd1+ 38. Kg2 Rd2+ 39. Kg3 Rxb2 40. e5 Rxa2
41. Re3 b4 42. e6 fxe6 43. fxe6 Ra3
0-1

[Event "Leisurely Chess"]
[Site "SchemingMind.com"]
[Date "2015.04.13"]
[Round "-"]
[White "bull mccabe"]
[Black "emvarela"]
[Result "1-0"]
[WhiteCountry "IRL"]
[BlackCountry "ARG"]
[WhiteElo "2072"]
[WhiteRD "123"]
[BlackElo "1740"]
[BlackRD "48"]
[GameID "378167"]

1. e4 e5 2. Nf3 Nc6 3. Bb5 a6 4. Ba4 Nf6 5. O-O Be7 6. Re1 b5 7. Bb3 O-O 8. c3 d5 9. exd5 Nxd5 10. Nxe5 Nxe5
11. Rxe5 c6 12. d4 Bd6 13. Re1 Qh4 14. g3 Qh3 15. Re4 Bf5 16. Rh4
1-0

[Event "Leisurely Chess"]
[Site "SchemingMind.com"]
[Date "2015.04.13"]
[Round "-"]
[White "emvarela"]
[Black "bull mccabe"]
[Result "0-1"]
[WhiteCountry "ARG"]
[BlackCountry "IRL"]
[WhiteElo "1722"]
[WhiteRD "46"]
[BlackElo "2128"]
[BlackRD "120"]
[GameID "378168"]

1. e4 c5 2. Nf3 Nc6 3. d4 cxd4 4. c3 dxc3 5. Bc4 cxb2 6. Bxb2 e6 7. O-O Nf6 8. Nc3 Nxe4 9. Nxe4 d5 10. Nc3 dxc4
11. Qxd8+ Nxd8 12. Nb5 Rb8 13. Be5 Bd7 14. Bxb8 Bxb5 15. Bxa7 Nc6 16. Bd4 Nxd4 17. Nxd4 Ba6 18. Rfd1 Bc5 19. Nf3 Ke7 20. Rac1 Rc8
21. Ng5 c3 22. Ne4 Bb4 23. Rd4 Ba5 24. Ra4 f5 25. Rxa5 fxe4 26. Ra3 c2 27. Rb3 Rd8 28. Rc3 Rd1+
0-1

[Event "Leisurely Chess"]
[Site "SchemingMind.com"]
[Date "2015.04.10"]
[Round "-"]
[White "bull mccabe"]
[Black "Phillip Beckett"]
[Result "1-0"]
[WhiteCountry "IRL"]
[BlackCountry "ENG"]
[WhiteElo "2011"]
[WhiteRD "141"]
[BlackElo "1612"]
[BlackRD "51"]
[GameID "378169"]

1. e4 e5 2. Nf3 Nc6 3. Bb5 a6 4. Ba4 Nf6 5. O-O Be7 6. Re1 b5 7. Bb3 O-O 8. c3 d5 9. exd5 Nxd5 10. Nxe5 Nxe5
11. Rxe5 c6 12. d4 Bd6 13. Re1 Qh4 14. g3 Qh3 15. Be3 Bg4 16. Qd3 Rae8 17. Nd2 Nxe3 18. Rxe3 Rxe3 19. Qxe3 Kh8 20. Ne4 Bb8
21. Ng5 Qh5 22. Nxf7+ Rxf7 23. Qe8+ Rf8 24. Qxf8#
1-0

[Event "Leisurely Chess"]
[Site "SchemingMind.com"]
[Date "2015.04.10"]
[Round "-"]
[White "Phillip Beckett"]
[Black "bull mccabe"]
[Result "0-1"]
[WhiteCountry "ENG"]
[BlackCountry "IRL"]
[WhiteElo "1589"]
[WhiteRD "49"]
[BlackElo "2072"]
[BlackRD "123"]
[GameID "378170"]

1. e4 c5 2. Nf3 Nc6 3. d4 cxd4 4. Nxd4 e5 5. Nb5 d6 6. N1c3 a6 7. Na3 b5 8. Nd5 Nf6 9. Bg5 Be7 10. Bxf6 Bxf6
11. c3 O-O 12. Nc2 Bg5 13. g3 Ne7 14. Nce3 Bxe3 15. Nxe3 Bb7 16. Bg2 Qc7 17. Nd5 Nxd5 18. exd5 Rfe8 19. O-O Qc4 20. Qf3 Rac8
21. b3 Qxc3 22. Qxc3 Rxc3 23. Rac1 b4 24. Rxc3 bxc3 25. Rc1 Rc8 26. Kf1 Kf8 27. Rc2 Ke7 28. Be4 g6 29. Ke2 f5 30. Bd3 Bxd5
31. Bxa6 Rc7 32. Bc4 Bxc4+ 33. bxc4 Rxc4 34. Kd3 d5 35. Rxc3 Rxc3+ 36. Kxc3 Kd6 37. a4 Kc5 38. f3 e4 39. fxe4 fxe4
0-1

[Event "Leisurely Chess"]
[Site "SchemingMind.com"]
[Date "2015.04.12"]
[Round "-"]
[White "Michael Christensen"]
[Black "bull mccabe"]
[Result "0-1"]
[WhiteCountry "GER"]
[BlackCountry "IRL"]
[WhiteElo "1716"]
[WhiteRD "77"]
[BlackElo "2128"]
[BlackRD "120"]
[GameID "378403"]

1. e4 c5 2. Nc3 Nc6 3. f4 g6 4. Nf3 Bg7 5. Be2 d6 6. O-O Nf6 7. d3 O-O 8. h4 a6 9. Ng5 b5 10. g4 Qd7
11. f5 b4 12. Na4 Rb8 13. Bd2 h6 14. Nh3 Nd4 15. g5 hxg5 16. hxg5 Nxe2+ 17. Qxe2 Nh5 18. Nf4 Ng3 19. Qh2 Nxf1 20. Rxf1 Qxa4
21. Kf2 Qxc2 22. Kf3 gxf5 23. Rh1 fxe4+ 24. Kg3 Bf5 25. g6 fxg6 26. Qh7+ Kf7 27. Nxg6 Qxd3+ 28. Kh4 Bxg6
0-1

[Event "Leisurely Chess"]
[Site "SchemingMind.com"]
[Date "2015.04.12"]
[Round "-"]
[White "bull mccabe"]
[Black "Michael Christensen"]
[Result "1-0"]
[WhiteCountry "IRL"]
[BlackCountry "GER"]
[WhiteElo "2072"]
[WhiteRD "123"]
[BlackElo "1683"]
[BlackRD "69"]
[GameID "378404"]

1. e4 a6 2. d4 b5 3. Nf3 Bb7 4. Bd3 g6 5. Nbd2 Bg7 6. O-O e6 7. Re1 d6 8. c4 Nf6 9. cxb5 axb5 10. Bxb5+ Nbd7
11. b4 O-O 12. Bb2 Nb6 13. Qc2 Qe7 14. d5 exd5 15. exd5
1-0

[Event "Leisurely Chess"]
[Site "SchemingMind.com"]
[Date "2015.04.11"]
[Round "-"]
[White "Michael Christensen"]
[Black "tyler_ensor"]
[Result "0-1"]
[WhiteCountry "GER"]
[BlackCountry "CAN"]
[WhiteElo "1695"]
[WhiteRD "73"]
[BlackElo "1793"]
[BlackRD "81"]
[GameID "378405"]

1. e4 c5 2. Nc3 Nc6 3. f4 g6 4. Nf3 Bg7 5. Bc4 e6 6. f5 Nge7 7. fxe6 fxe6 8. O-O O-O 9. d3 d5 10. exd5 exd5
11. Bb3 h6 12. Qe1 Bg4 13. Nd2 Nd4 14. h3 Rxf1+ 15. Qxf1 Be6 16. Ne2 Qd6 17. Nxd4 Bxd4+ 18. Kh1 Nf5 19. Qf3 Rf8 20. Nf1 Ng3+
21. Qxg3 Rxf1+
0-1

[Event "Leisurely Chess"]
[Site "SchemingMind.com"]
[Date "2015.04.12"]
[Round "-"]
[White "tyler_ensor"]
[Black "Michael Christensen"]
[Result "1-0"]
[WhiteCountry "CAN"]
[BlackCountry "GER"]
[WhiteElo "1793"]
[WhiteRD "81"]
[BlackElo "1695"]
[BlackRD "73"]
[GameID "378406"]

1. d4 d5 2. c4 dxc4 3. Nf3 Nf6 4. e3 e6 5. Bxc4 c5 6. O-O Nc6 7. Qe2 cxd4 8. Rd1 e5 9. exd4 e4 10. Nc3 Qe7
11. Ng5 Nd8 12. Ngxe4 Nxe4 13. Nxe4 h6 14. Bf4 Bf5 15. Nd6+ Kd7 16. Qxe7+ Bxe7 17. Nxf5
1-0

[Event "Leisurely Chess"]
[Site "SchemingMind.com"]
[Date "2015.04.13"]
[Round "-"]
[White "Michael Christensen"]
[Black "emvarela"]
[Result "1-0"]
[WhiteCountry "GER"]
[BlackCountry "ARG"]
[WhiteElo "1716"]
[WhiteRD "77"]
[BlackElo "1722"]
[BlackRD "46"]
[GameID "378407"]

1. e4 e5 2. f4 exf4 3. Nf3 d6 4. d4 g5 5. h4 g4 6. Ng1 Qf6 7. Nc3 Ne7 8. Qd3 Nbc6 9. Nb5 Kd7 10. Ne2 Bh6
11. d5 Ne5 12. Qc3 f3 13. Qxc7+ Ke8 14. Nxd6+ Kf8 15. Qd8+ Kg7 16. Ne8+ Rxe8 17. Bxh6+ Kxh6 18. Qxe8 f2+ 19. Kd1 N7g6 20. h5 Nc4
21. hxg6+ Kxg6 22. Qg8+ Qg7 23. Nf4+
1-0

[Event "Leisurely Chess"]
[Site "SchemingMind.com"]
[Date "2015.04.15"]
[Round "-"]
[White "emvarela"]
[Black "Michael Christensen"]
[Result "0-1"]
[WhiteCountry "ARG"]
[BlackCountry "GER"]
[WhiteElo "1709"]
[WhiteRD "48"]
[BlackElo "1736"]
[BlackRD "92"]
[GameID "378408"]

1. e4 e5 2. Nf3 Nc6 3. Bb5 f5 4. Nc3 fxe4 5. Nxe4 Nf6 6. Nxf6+ gxf6 7. Bxc6 dxc6 8. d3 Be6 9. Bd2 Qd7 10. Qe2 O-O-O
11. O-O Rg8 12. Rfe1 Qg7 13. g3 Bg4 14. Kg2 h5 15. h3 Be6 16. Nh4 Rd4 17. Nf3 Bd5 18. c4 Bxf3+ 19. Qxf3 Qg6 20. Re4 h4
21. Rxd4 exd4 22. Qe4 f5 23. Qxh4 c5 24. Bf4 Qc6+ 25. f3 Qa4 26. b3 Qa3 27. Bc1 Qa5 28. Bf4 Qc3 29. Rf1 Qxd3 30. Qh7 Rg7
31. Qh8 Qe2+ 32. Rf2 Qe7 33. Bh6 Rf7 34. Bxf8 Rxf8 35. Qh5 d3 36. Qg5 Qxg5
0-1

[Event "Leisurely Chess"]
[Site "SchemingMind.com"]
[Date "2015.04.12"]
[Round "-"]
[White "Michael Christensen"]
[Black "Phillip Beckett"]
[Result "1-0"]
[WhiteCountry "GER"]
[BlackCountry "ENG"]
[WhiteElo "1716"]
[WhiteRD "77"]
[BlackElo "1559"]
[BlackRD "49"]
[GameID "378409"]

1. f4 e5 2. e4 Qh4+ 3. g3 Qe7 4. fxe5 d6 5. Nc3 Qxe5 6. Nf3 Qe7 7. d4 Bg4 8. Be2 c6 9. Bg5 f6 10. Bf4 d5
11. e5 fxe5 12. Nxe5 Bxe2 13. Qxe2 Nd7 14. O-O-O Nxe5 15. Bxe5 Nf6 16. Rde1 O-O-O 17. Qd2 Qf7 18. Rhf1 Bd6 19. Bxd6 Rxd6 20. Rf3 Re8
21. g4 Qg6 22. Rfe3 Rdd8 23. h3 Rxe3 24. Qxe3 Re8 25. Qg3 Qg5+ 26. Kb1 Rxe1+ 27. Qxe1 Kd7 28. Ne2 Ne4 29. Nc3 Nd2+ 30. Ka1 Ne4
31. a3 Qd2 32. Qxd2= Nxd2 33. b3 Ne4 34. Nxe4 dxe4 35. Kb2 Ke6 36. c3 Kd5 37. Kc2 c5 38. dxc5 Kxc5 39. Kd2 Kd5 40. Ke3 Ke5
41. c4 g5 42. b4 a6 43. a4 h6 44. a5 Kd6 45. Kxe4 Ke6 46. b5 Kd6 47. bxa6 bxa6 48. Kd4 Kc6 49. c5 Kb5 50. Kd5 Kxa5
51. Kd6 Kb4 52. c6 a5 53. c7
1-0

[Event "Leisurely Chess"]
[Site "SchemingMind.com"]
[Date "2015.04.12"]
[Round "-"]
[White "Phillip Beckett"]
[Black "Michael Christensen"]
[Result "0-1"]
[WhiteCountry "ENG"]
[BlackCountry "GER"]
[WhiteElo "1543"]
[WhiteRD "50"]
[BlackElo "1697"]
[BlackRD "73"]
[GameID "378410"]

1. e4 a6 2. d4 b5 3. c4 Bb7 4. cxb5 Bxe4 5. bxa6 Nxa6 6. f3 Bb7 7. Bc4 e6 8. Nc3 Nf6 9. Nge2 Be7 10. O-O O-O
11. Bg5 c5 12. dxc5 Bxc5+ 13. Kh1 h6 14. Ng3 hxg5 15. Nge4 Bb6 16. Nd6 Bc6 17. Qe2 Qc7 18. Bxa6 Qxd6 19. Bb5 Bb7 20. Rad1 Qc7
21. Qd3 d5 22. a3 g6 23. Rc1 Qb8 24. Na4 Ba7 25. Nc5 Kg7 26. Nxb7 Rh8 27. Bc6 Qxh2#
0-1

[Event "Leisurely Chess"]
[Site "SchemingMind.com"]
[Date "2015.04.15"]
[Round "-"]
[White "Michael Christensen"]
[Black "Scooter"]
[Result "0-1"]
[WhiteCountry "GER"]
[BlackCountry "USA"]
[WhiteElo "1683"]
[WhiteRD "69"]
[BlackElo "1712"]
[BlackRD "45"]
[GameID "378474"]

1. f4 d5 2. Nf3 Bg4 3. e3 Nf6 4. h3 Bxf3 5. Qxf3 e6 6. g4 Be7 7. g5 Ne4 8. d3 Nd6 9. Nc3 c6 10. h4 Nf5
11. h5 Nd7 12. Bd2 Bb4 13. O-O-O Qa5 14. a3 Bxc3 15. Bxc3 Qb6 16. Re1 O-O-O 17. e4 Nd4 18. Qf2 Nb3+ 19. cxb3 Qxf2
0-1

[Event "Leisurely Chess"]
[Site "SchemingMind.com"]
[Date "2015.04.14"]
[Round "-"]
[White "Scooter"]
[Black "Michael Christensen"]
[Result "1/2-1/2"]
[WhiteCountry "USA"]
[BlackCountry "GER"]
[WhiteElo "1710"]
[WhiteRD "48"]
[BlackElo "1695"]
[BlackRD "73"]
[GameID "378475"]

1. d4 b5 2. Nf3 Bb7 3. Bf4 e6 4. e3 b4 5. Nbd2 Nf6 6. h3 Be7 7. Be2 O-O 8. O-O c5 9. c3 Nc6 10. dxc5 Bxc5
11. c4 d5 12. cxd5 Nxd5 13. Bg3 Rc8 14. Nb3 Bb6 15. Rc1 Nce7 16. Ng5 Nf6 17. Qxd8 Rfxd8 18. Rfd1 h6 19. Nf3 a5 20. Rxd8+ Rxd8
21. Rd1 Rxd1+ 22. Bxd1 Nf5 23. Be5 Ne4 24. Nfd4 Nxd4 25. Bxd4 Bc7 26. Nc5 Nxc5 27. Bxc5 g5 28. Bb3 Kg7 29. a3 bxa3=
1/2-1/2

[Event "Leisurely Chess"]
[Site "SchemingMind.com"]
[Date "2015.04.13"]
[Round "-"]
[White "bull mccabe"]
[Black "Scooter"]
[Result "1-0"]
[WhiteCountry "IRL"]
[BlackCountry "USA"]
[WhiteElo "2113"]
[WhiteRD "120"]
[BlackElo "1710"]
[BlackRD "48"]
[GameID "378476"]

1. e4 c6 2. d4 d5 3. Nd2 dxe4 4. Nxe4 Bf5 5. Ng3 Bg6 6. h4 h6 7. Nf3 Nd7 8. h5 Bh7 9. Bd3 Bxd3 10. Qxd3 Qc7
11. Bd2 O-O-O 12. O-O-O Ngf6 13. Qe2 e6 14. Ne5 Nxe5 15. dxe5 Nd7 16. f4 Bc5 17. Ne4 Be7 18. Be3 Nb6 19. Bxb6 Qxb6 20. Nd6+ Bxd6
21. exd6 Qc5 22. Qe5 Qxe5 23. fxe5 Rd7 24. Rhf1 Rf8 25. Kd2 f6 26. Ke3 Rff7 27. Ke4 f5+ 28. Kd4 b6 29. a4 c5+ 30. Kc4 a6
31. Rd3 Kb7 32. a5 Kc6 33. axb6 Kxb6 34. Rb3+ Kc6 35. Ra1 Ra7 36. Ra5 Rfb7 37. Rxb7 Rxb7 38. Rxa6+ Kd7 39. b3 Rb4+ 40. Kxc5 Re4
41. Ra7+ Kd8 42. Kc6
1-0

[Event "Leisurely Chess"]
[Site "SchemingMind.com"]
[Date "2015.04.13"]
[Round "-"]
[White "Scooter"]
[Black "bull mccabe"]
[Result "0-1"]
[WhiteCountry "USA"]
[BlackCountry "IRL"]
[WhiteElo "1716"]
[WhiteRD "45"]
[BlackElo "1916"]
[BlackRD "171"]
[GameID "378477"]

1. d4 d5 2. Nf3 Nf6 3. Bf4 e6 4. e3 Bd6 5. Bxd6 cxd6 6. c3 Nc6 7. Bb5 O-O 8. O-O Re8 9. Nbd2 e5 10. dxe5 dxe5
11. c4 Qb6 12. Bxc6 bxc6 13. b3 d4 14. exd4 exd4 15. Nxd4 Qxd4
0-1

[Event "Leisurely Chess"]
[Site "SchemingMind.com"]
[Date "2015.04.13"]
[Round "-"]
[White "tyler_ensor"]
[Black "Scooter"]
[Result "1-0"]
[WhiteCountry "CAN"]
[BlackCountry "USA"]
[WhiteElo "1762"]
[WhiteRD "77"]
[BlackElo "1726"]
[BlackRD "46"]
[GameID "378478"]

1. b3 e5 2. Bb2 Nc6 3. e3 d6 4. c4 Nf6 5. Nc3 Bd7 6. d4 exd4 7. exd4 g6 8. Nf3 Bg4 9. Be2 Qe7 10. O-O Bg7
11. Re1 O-O-O 12. d5 Ne5 13. Nxe5 dxe5 14. Bxg4+ Nxg4 15. Qxg4+ f5 16. Qe2 Rhe8 17. Nb5 a6 18. Na3 e4 19. Bxg7 Qxg7 20. Nc2 g5
21. Rad1 Qb2 22. Nd4
1-0

[Event "Leisurely Chess"]
[Site "SchemingMind.com"]
[Date "2015.04.13"]
[Round "-"]
[White "Scooter"]
[Black "tyler_ensor"]
[Result "0-1"]
[WhiteCountry "USA"]
[BlackCountry "CAN"]
[WhiteElo "1716"]
[WhiteRD "45"]
[BlackElo "1756"]
[BlackRD "81"]
[GameID "378479"]

1. d4 d6 2. Nf3 g6 3. Bf4 Bg7 4. e3 Nd7 5. h3 e5 6. Bg5 Ne7 7. Bxe7 Qxe7 8. dxe5 Nxe5 9. Nbd2 O-O 10. c3 Bf5
11. Nxe5 dxe5 12. Be2 Rad8 13. O-O Bd3 14. Bxd3 Rxd3 15. Qe2 Rfd8 16. Rad1 Qd7
0-1

[Event "Leisurely Chess"]
[Site "SchemingMind.com"]
[Date "2015.04.18"]
[Round "-"]
[White "emvarela"]
[Black "Scooter"]
[Result "1-0"]
[WhiteCountry "ARG"]
[BlackCountry "USA"]
[WhiteElo "1700"]
[WhiteRD "49"]
[BlackElo "1707"]
[BlackRD "48"]
[GameID "378480"]

1. e4 c6 2. d4 d5 3. exd5 cxd5 4. c4 Nf6 5. Nc3 a6 6. Qb3 e6 7. cxd5 Nxd5 8. Nxd5 Qxd5 9. Qxd5 exd5 10. a3 Nc6
11. Be3 Be6 12. Nf3 b5 13. Ne5 Rc8 14. Nxc6 Rxc6 15. Bd3 Be7 16. Rc1 Rxc1+ 17. Bxc1 O-O 18. Bf4 Rc8 19. O-O h6 20. Rc1= Rxc1+
21. Bxc1 Bg5 22. Bxg5 hxg5 23. b4 f5 24. h3 Kf7 25. f3 Kf6 26. Kf2 g6 27. g3 g4 28. hxg4 fxg4 29. Bc2 gxf3 30. Kxf3 Bf5
31. Bb3 Be4+ 32. Kf4 g5+ 33. Kg4 Bf5+ 34. Kh5 Bg6+ 35. Kg4 Be4= 36. a4 Bd3 37. axb5 axb5 38. Bxd5 Be2+ 39. Bf3 Bd3 40. Bc6 Be2+
41. Bf3 Bc4 42. d5 Kg6 43. Be4+ Kf6 44. Bf3 Bb3 45. d6 Be6+ 46. Kh5 Bd7 47. Bg4
1-0

[Event "Leisurely Chess"]
[Site "SchemingMind.com"]
[Date "2015.04.18"]
[Round "-"]
[White "Scooter"]
[Black "emvarela"]
[Result "1/2-1/2"]
[WhiteCountry "USA"]
[BlackCountry "ARG"]
[WhiteElo "1710"]
[WhiteRD "48"]
[BlackElo "1741"]
[BlackRD "50"]
[GameID "378481"]

1. d4 d5 2. Nf3 Nf6 3. Bf4 e6 4. e3 Bd6 5. Bxd6 Qxd6 6. c3 O-O 7. Nbd2 Nbd7 8. Be2 c5 9. O-O c4 10. Qc2 b5
11. e4 dxe4 12. Nxe4 Nxe4 13. Qxe4 Qd5 14. Qxd5 exd5 15. Rfe1 g6 16. Nd2 Nf6 17. Bf3 Be6 18. Re5 Rad8 19. g3 Nd7 20. Re2 Nf6
21. Bg2 Rfe8 22. Rae1 Bd7 23. Rxe8+ Rxe8 24. Rxe8+ Bxe8 25. Nf3 Ne4=
1/2-1/2

[Event "Leisurely Chess"]
[Site "SchemingMind.com"]
[Date "2015.04.13"]
[Round "-"]
[White "Phillip Beckett"]
[Black "Scooter"]
[Result "0-1"]
[WhiteCountry "ENG"]
[BlackCountry "USA"]
[WhiteElo "1608"]
[WhiteRD "48"]
[BlackElo "1716"]
[BlackRD "45"]
[GameID "378482"]

1. e4 c6 2. d4 d5 3. Nc3 dxe4 4. Nxe4 Bf5 5. Ng3 Bg6 6. Nf3 Nd7 7. c3 Qc7 8. Bd3 Bxd3 9. Qxd3 O-O-O 10. O-O Ngf6
11. Bg5 h6 12. Be3 e6 13. b4 Bd6 14. a4 Bxg3 15. hxg3 Nd5 16. Rfb1 Nxe3 17. Qxe3 Nf6 18. b5 Nd5 19. Qd3 c5 20. b6 Nxb6
21. a5 Nd7 22. Qb5 a6 23. Qb2 f6 24. dxc5 Nxc5 25. Nd4 Rd5 26. Nb3 e5 27. Nxc5 Rxc5 28. Qb6 Qxb6 29. Rxb6 Rxc3 30. Rab1 Rc7
31. Re6 Kd7 32. Reb6 Kc8 33. Re6 Rd8 34. Kh2 Rc5 35. Reb6 Rd7 36. Re6 Rxa5 37. Rc1+ Kd8 38. Rb1 Rc5 39. Reb6 Kc8 40. Re6 Rc6
41. Re8+ Kc7 42. g4 b5 43. Ra8 Kb7 44. Re8 Kb6 45. Rb8+ Rb7 46. Rxb7+ Kxb7
0-1